00474nam a22001457a 4500082003000000100002000030245005600050260004300106300002300149526003700172526003700209526003700246526003700283650000800320 a515.160212bNIEcL-4, P-4 aNielsen, Kaj L. aLogarithmic and Trigonometric Tables to Five Places aNew York.bBarnes & Nobles, Inc.c1943 axxx, 125p. :c21cm a0b0c0d515_160212000000000_NIE a0b0c0d515_160212000000000_NIE a0b0c0d515_160212000000000_NIE a0b0c0d515_160212000000000_NIE aMCE